00622nam a2200181 i 450000100060000000300090000600500170001500700030003200800410003510000200007624501640009625000150026026000340027530000460030970000400035570000130039585200320040878920ES-MaACL20230906173843.0t|041018s1969 sp ||||1| spa d1 aHeidrich, H. J.10aEnfermedades de las glándulas mamarias en los animales domésticos /cH.J. Heidrich, W. Renk ; traducción y prólogo Clemente Sánchez-Garnica y Montes. a[1ª ed.]. aBarcelona : bLabor, c[1969] aXVI, 508 p., 15 lám. : bil. ; c25 cm.1 aSánchez-Garnica Montes, Clemente.1 aRenk, W. aES-MaACLjC-41822 bR.70695